[Event "Grand Swiss "]
[Date "2025.09.09"]
[White "Harikrishna, Pentala"]
[Black "Gurel, Ediz"]
[WhiteElo "2704"]
[BlackElo "2631"]
[Round "6.6.23"]
[Result "1/2-1/2"]

1. c4 {[%clk 01:40:56] [%emt 00:00:04]} e5 {[%clk 01:40:37] [%emt 00:00:23]} 2.
e3 {[%clk 01:41:18] [%emt 00:00:07]} Nf6 {[%clk 01:39:57] [%emt 00:01:10]} 3.
Nc3 {[%clk 01:41:40] [%emt 00:00:09]} Bb4 {[%clk 01:38:01] [%emt 00:02:26]} 4.
Nge2 {[%clk 01:41:57] [%emt 00:00:12]} O-O {[%clk 01:32:48] [%emt 00:05:44]} 5.
a3 {[%clk 01:40:44] [%emt 00:01:43]} Be7 {[%clk 01:32:58] [%emt 00:00:20]} 6.
Ng3 {[%clk 01:34:29] [%emt 00:06:44]} c6 {[%clk 01:29:03] [%emt 00:04:26]} 7. d4
{[%clk 01:24:59] [%emt 00:09:59]} exd4 {[%clk 01:28:58] [%emt 00:00:35]} 8. exd4
{[%clk 01:25:08] [%emt 00:00:22]} d5 {[%clk 01:29:11] [%emt 00:00:16]} 9. cxd5
{[%clk 01:24:12] [%emt 00:01:26]} Nxd5 {[%clk 01:25:50] [%emt 00:03:51]} 10. Bd3
{[%clk 01:22:06] [%emt 00:02:36]} Be6 {[%clk 01:22:41] [%emt 00:03:40]} 11. O-O
{[%clk 01:14:05] [%emt 00:08:30]} Nd7 {[%clk 01:19:36] [%emt 00:03:35]} 12. Re1
{[%clk 01:10:05] [%emt 00:04:31]} N7f6 {[%clk 01:12:55] [%emt 00:07:11]} 13. Nf5
{[%clk 01:01:23] [%emt 00:09:11]} Bxf5 {[%clk 01:11:28] [%emt 00:01:58]} 14.
Bxf5 {[%clk 01:01:45] [%emt 00:00:08]} Re8 {[%clk 01:10:52] [%emt 00:01:06]} 15.
Bg5 {[%clk 00:54:11] [%emt 00:08:03]} h6 {[%clk 01:04:28] [%emt 00:06:55]} 16.
Be3 {[%clk 00:45:50] [%emt 00:08:50]} Bf8 {[%clk 00:57:51] [%emt 00:07:08]} 17.
Bc2 {[%clk 00:43:19] [%emt 00:03:01]} Qd7 {[%clk 00:54:30] [%emt 00:03:51]} 18.
Qd3 {[%clk 00:37:47] [%emt 00:06:02]} g6 {[%clk 00:51:01] [%emt 00:03:59]} 19.
Bd2 {[%clk 00:36:44] [%emt 00:01:32]} Bg7 {[%clk 00:50:25] [%emt 00:01:06]} 20.
Bb3 {[%clk 00:35:57] [%emt 00:01:18]} Rxe1+ {[%clk 00:44:55] [%emt 00:06:01]}
21. Rxe1 {[%clk 00:32:56] [%emt 00:03:30]} Re8 {[%clk 00:45:13] [%emt 00:00:12]}
22. Rxe8+ {[%clk 00:27:04] [%emt 00:06:22]} Qxe8 {[%clk 00:45:30] [%emt
00:00:13]} 23. h3 {[%clk 00:24:37] [%emt 00:02:56]} Qd7 {[%clk 00:44:20] [%emt
00:01:40]} 24. Qf3 {[%clk 00:23:41] [%emt 00:01:26]} Qd6 {[%clk 00:43:42] [%emt
00:01:08]} 25. Bc1 {[%clk 00:20:00] [%emt 00:04:10]} b5 {[%clk 00:41:41] [%emt
00:02:32]} 26. g3 {[%clk 00:17:29] [%emt 00:03:01]} a5 {[%clk 00:39:02] [%emt
00:03:10]} 27. Kg2 {[%clk 00:16:39] [%emt 00:01:20]} a4 {[%clk 00:38:38] [%emt
00:00:54]} 28. Ba2 {[%clk 00:16:49] [%emt 00:00:20]} Qe6 {[%clk 00:35:28] [%emt
00:03:40]} 29. Bd2 {[%clk 00:15:18] [%emt 00:02:00]} Qd6 {[%clk 00:35:35] [%emt
00:00:24]} 30. Ne2 {[%clk 00:10:28] [%emt 00:05:20]} Qe6 {[%clk 00:33:44] [%emt
00:02:21]} 31. Nc3 {[%clk 00:09:38] [%emt 00:01:19]} Qd6 {[%clk 00:34:07] [%emt
00:00:07]} 32. Ne2 {[%clk 00:09:35] [%emt 00:00:33]} Qe6 {[%clk 00:34:32] [%emt
00:00:06]} 33. Nc3 {[%clk 00:07:59] [%emt 00:02:06]} 1/2-1/2

[Site "Europe Echecs"]

[Event "Grand Swiss "]
[Date "2025.09.09"]
[White "Liang, Awonder"]
[Black "Xiong, Jeffery"]
[WhiteElo "2698"]
[BlackElo "2640"]
[Round "6.6.24"]
[Result "1/2-1/2"]

1. e4 {[%clk 01:40:59]} e5 {[%clk 01:40:44] [%emt 00:00:15]} 2. Nf3 {[%clk
01:41:27] [%emt 00:00:03]} Nc6 {[%clk 01:40:48] [%emt 00:00:25]} 3. Bb5 {[%clk
01:41:52] [%emt 00:00:06]} Nf6 {[%clk 01:40:50] [%emt 00:00:27]} 4. O-O {[%clk
01:42:08] [%emt 00:00:15]} Nxe4 {[%clk 01:40:56] [%emt 00:00:23]} 5. Re1 {[%clk
01:42:33] [%emt 00:00:06]} Nd6 {[%clk 01:41:04] [%emt 00:00:21]} 6. Nxe5 {[%clk
01:42:50] [%emt 00:00:14]} Be7 {[%clk 01:41:02] [%emt 00:00:31]} 7. Bf1 {[%clk
01:43:13] [%emt 00:00:08]} Nxe5 {[%clk 01:40:19] [%emt 00:01:13]} 8. Rxe5 {[%clk
01:43:37] [%emt 00:00:07]} O-O {[%clk 01:40:37] [%emt 00:00:12]} 9. d4 {[%clk
01:34:39] [%emt 00:09:29]} Bf6 {[%clk 01:40:36] [%emt 00:00:31]} 10. Re1 {[%clk
01:35:01] [%emt 00:00:08]} Nf5 {[%clk 01:36:12] [%emt 00:04:53]} 11. d5 {[%clk
01:35:09] [%emt 00:00:24]} d6 {[%clk 01:36:05] [%emt 00:00:36]} 12. Nd2 {[%clk
01:33:26] [%emt 00:02:15]} c6 {[%clk 01:33:29] [%emt 00:03:04]} 13. Ne4 {[%clk
01:28:40] [%emt 00:05:16]} Be5 {[%clk 01:32:57] [%emt 00:01:01]} 14. c3 {[%clk
01:29:01] [%emt 00:00:11]} Bd7 {[%clk 01:06:34] [%emt 00:26:52]} 15. dxc6 {[%clk
01:18:42] [%emt 00:10:50]} Bxc6 {[%clk 01:06:44] [%emt 00:00:20]} 16. Bg5 {[%clk
01:08:35] [%emt 00:10:38]} f6 {[%clk 00:59:19] [%emt 00:07:54]} 17. Bd2 {[%clk
01:05:56] [%emt 00:03:09]} d5 {[%clk 00:59:22] [%emt 00:00:26]} 18. Nc5 {[%clk
00:44:10] [%emt 00:22:17]} Qd6 {[%clk 00:50:49] [%emt 00:09:03]} 19. Nd3 {[%clk
00:44:18] [%emt 00:00:22]} Bxh2+ {[%clk 00:50:38] [%emt 00:00:41]} 20. Kh1
{[%clk 00:44:46] [%emt 00:00:02]} g6 {[%clk 00:50:01] [%emt 00:01:07]} 21. Qg4
{[%clk 00:37:12] [%emt 00:08:04]} Bd7 {[%clk 00:46:23] [%emt 00:04:07]} 22. Qf3
{[%clk 00:28:22] [%emt 00:09:21]} Nh4 {[%clk 00:25:05] [%emt 00:21:47]} 23. Qd1
{[%clk 00:27:12] [%emt 00:01:41]} Nf5 {[%clk 00:25:25] [%emt 00:00:09]} 24. Qf3
{[%clk 00:24:43] [%emt 00:02:59]} Nh4 {[%clk 00:25:38] [%emt 00:00:16]} 25. Qd1
{[%clk 00:25:09] [%emt 00:00:05]} Nf5 {[%clk 00:25:55] [%emt 00:00:11]} 26. c4
{[%clk 00:19:26] [%emt 00:06:14]} dxc4 {[%clk 00:22:56] [%emt 00:03:29]} 27. Bb4
{[%clk 00:19:52] [%emt 00:00:05]} Qc7 {[%clk 00:22:48] [%emt 00:00:36]} 28. Nc5
{[%clk 00:19:46] [%emt 00:00:38]} Qf4 {[%clk 00:16:41] [%emt 00:06:37]} 29. Nxd7
{[%clk 00:07:18] [%emt 00:12:58]} Qh4 {[%clk 00:16:58] [%emt 00:00:11]} 30.
Bxc4+ {[%clk 00:07:20] [%emt 00:00:30]} Kh8 {[%clk 00:17:24] [%emt 00:00:02]}
31. Re4 {[%clk 00:07:40] [%emt 00:00:11]} Bf4+ {[%clk 00:13:33] [%emt 00:04:21]}
32. Kg1 {[%clk 00:08:10]} Bh2+ {[%clk 00:13:17] [%emt 00:00:46]} 33. Kh1 {[%clk
00:08:39] [%emt 00:00:02]} Bf4+ {[%clk 00:02:01] [%emt 00:11:45]} 34. Kg1 {[%clk
00:09:08]} Bh2+ {[%clk 00:01:39] [%emt 00:00:54]} 1/2-1/2

[Site "Europe Echecs"]

[Event "Grand Swiss "]
[Date "2025.09.09"]
[White "Esipenko, Andrey"]
[Black "Volokitin, Andrei"]
[WhiteElo "2687"]
[BlackElo "2628"]
[Round "6.6.25"]
[Result "1-0"]

1. e4 {[%clk 01:40:40] [%emt 00:00:09]} c5 {[%clk 01:40:48] [%emt 00:00:22]} 2.
Nf3 {[%clk 01:40:48] [%emt 00:00:22]} d6 {[%clk 01:41:12] [%emt 00:00:06]} 3. d4
{[%clk 01:41:10] [%emt 00:00:08]} cxd4 {[%clk 01:41:34] [%emt 00:00:07]} 4. Nxd4
{[%clk 01:41:34] [%emt 00:00:07]} Nf6 {[%clk 01:41:59] [%emt 00:00:05]} 5. Nc3
{[%clk 01:41:56] [%emt 00:00:09]} a6 {[%clk 01:42:24] [%emt 00:00:05]} 6. Bg5
{[%clk 01:42:14] [%emt 00:00:11]} e6 {[%clk 01:42:42] [%emt 00:00:11]} 7. Qd2
{[%clk 01:42:23] [%emt 00:00:22]} Nbd7 {[%clk 01:28:00] [%emt 00:15:12]} 8.
O-O-O {[%clk 01:42:20] [%emt 00:00:34]} h6 {[%clk 01:27:02] [%emt 00:01:27]} 9.
Be3 {[%clk 01:42:37] [%emt 00:00:13]} b5 {[%clk 01:25:40] [%emt 00:01:52]} 10.
a3 {[%clk 01:42:34] [%emt 00:00:33]} Bb7 {[%clk 01:23:18] [%emt 00:02:52]} 11.
f3 {[%clk 01:42:56] [%emt 00:00:07]} Rc8 {[%clk 01:19:31] [%emt 00:04:16]} 12.
Kb1 {[%clk 01:35:21] [%emt 00:08:06]} Ne5 {[%clk 01:04:48] [%emt 00:15:13]} 13.
Qe1 {[%clk 01:32:45] [%emt 00:03:06]} Be7 {[%clk 00:55:48] [%emt 00:09:30]} 14.
Bc1 {[%clk 01:04:40] [%emt 00:28:36]} Qc7 {[%clk 00:41:50] [%emt 00:14:28]} 15.
Qg3 {[%clk 00:59:09] [%emt 00:06:01]} Nh5 {[%clk 00:32:38] [%emt 00:09:42]} 16.
Qh3 {[%clk 00:55:30] [%emt 00:04:07]} Nf6 {[%clk 00:33:05] [%emt 00:00:05]} 17.
Be2 {[%clk 00:44:45] [%emt 00:11:15]} O-O {[%clk 00:20:06] [%emt 00:13:30]} 18.
g4 {[%clk 00:40:19] [%emt 00:04:55]} d5 {[%clk 00:18:10] [%emt 00:02:27]} 19. f4
{[%clk 00:36:19] [%emt 00:04:30]} Nc6 {[%clk 00:08:25] [%emt 00:10:14]} 20. Nxe6
{[%clk 00:29:20] [%emt 00:07:29]} fxe6 {[%clk 00:08:51] [%emt 00:00:04]} 21. g5
{[%clk 00:29:46] [%emt 00:00:03]} d4 {[%clk 00:07:52] [%emt 00:01:29]} 22. gxf6
{[%clk 00:17:34] [%emt 00:12:42]} Rxf6 {[%clk 00:07:58] [%emt 00:00:24]} 23. Bg4
{[%clk 00:15:18] [%emt 00:02:47]} dxc3 {[%clk 00:00:54] [%emt 00:07:34]} 24.
Bxe6+ {[%clk 00:15:42] [%emt 00:00:05]} Rxe6 {[%clk 00:00:38] [%emt 00:00:46]}
25. Qxe6+ {[%clk 00:15:47] [%emt 00:00:25]} Kf8 {[%clk 00:00:34] [%emt
00:00:35]} 26. Rd7 {[%clk 00:15:47] [%emt 00:00:30]} Qb8 {[%clk 00:01:03] [%emt
00:00:01]} 27. Rg1 {[%clk 00:15:41] [%emt 00:00:35]} Rd8 {[%clk 00:00:46] [%emt
00:00:47]} 28. Qf5+ {[%clk 00:15:57] [%emt 00:00:13]} Kg8 {[%clk 00:00:32] [%emt
00:00:46]} 29. Qg6 {[%clk 00:16:18] [%emt 00:00:07]} Kf8 {[%clk 00:00:40] [%emt
00:00:23]} 30. Qxg7+ {[%clk 00:11:18] [%emt 00:05:30]} Ke8 {[%clk 00:01:09]
[%emt 00:00:01]} 31. Rdd1 {[%clk 00:10:21] [%emt 00:01:26]} Bf8 {[%clk 00:50:29]
[%emt 00:01:09]} 1-0

[Site "Europe Echecs"]

[Event "Grand Swiss "]
[Date "2025.09.09"]
[White "Deac, Bogdan-Daniel"]
[Black "Mendonca, Leon Luke"]
[WhiteElo "2674"]
[BlackElo "2615"]
[Round "6.6.26"]
[Result "0-1"]

1. e4 {[%clk 01:40:57] [%emt 00:00:02]} c5 {[%clk 01:39:46] [%emt 00:01:15]} 2.
Nf3 {[%clk 01:41:22] [%emt 00:00:04]} d6 {[%clk 01:40:06] [%emt 00:00:10]} 3.
Bb5+ {[%clk 01:41:45] [%emt 00:00:06]} Bd7 {[%clk 01:40:21] [%emt 00:00:16]} 4.
Bxd7+ {[%clk 01:41:18] [%emt 00:00:57]} Nxd7 {[%clk 01:40:43] [%emt 00:00:07]}
5. Qe2 {[%clk 01:37:17] [%emt 00:04:29]} e6 {[%clk 01:38:55] [%emt 00:02:21]} 6.
d3 {[%clk 01:31:49] [%emt 00:05:58]} Be7 {[%clk 01:33:30] [%emt 00:05:55]} 7.
O-O {[%clk 01:25:57]} Ngf6 {[%clk 01:28:49] [%emt 00:11:32]} 8. a4 {[%clk
01:25:08]} O-O {[%clk 01:29:00] [%emt 00:01:38]} 9. Re1 {[%clk 01:08:16]} Rc8
{[%clk 01:28:49] [%emt 00:18:04]} 10. Nbd2 {[%clk 01:05:54]} Nb8 {[%clk
01:27:35] [%emt 00:04:36]} 11. Nf1 {[%clk 01:02:30]} Nc6 {[%clk 01:27:38] [%emt
00:04:20]} 12. c3 {[%clk 01:00:51] [%emt 00:02:08]} Nd7 {[%clk 01:20:04] [%emt
00:08:05]} 13. Bf4 {[%clk 00:53:04] [%emt 00:08:17]} Nde5 {[%clk 01:16:38] [%emt
00:03:57]} 14. Bxe5 {[%clk 00:42:59] [%emt 00:10:34]} dxe5 {[%clk 01:16:35]
[%emt 00:00:33]} 15. Ne3 {[%clk 00:39:50] [%emt 00:03:38]} Qc7 {[%clk 01:16:47]
[%emt 00:00:18]} 16. h4 {[%clk 00:38:52] [%emt 00:01:28]} Rcd8 {[%clk 01:14:52]
[%emt 00:02:26]} 17. h5 {[%clk 00:37:47] [%emt 00:01:35]} h6 {[%clk 01:12:08]
[%emt 00:03:14]} 18. Nc4 {[%clk 00:32:07] [%emt 00:06:09]} b6 {[%clk 01:11:39]
[%emt 00:00:59]} 19. g3 {[%clk 00:31:21] [%emt 00:01:16]} Rd7 {[%clk 01:11:41]
[%emt 00:00:29]} 20. Red1 {[%clk 00:30:16] [%emt 00:01:33]} a6 {[%clk 01:11:04]
[%emt 00:01:09]} 21. Qc2 {[%clk 00:26:31] [%emt 00:04:14]} Rb8 {[%clk 01:09:21]
[%emt 00:02:13]} 22. Kf1 {[%clk 00:25:29] [%emt 00:01:32]} Rdd8 {[%clk 01:09:06]
[%emt 00:00:46]} 23. Kg2 {[%clk 00:24:03] [%emt 00:01:55]} Rb7 {[%clk 01:09:17]
[%emt 00:00:20]} 24. Qe2 {[%clk 00:23:47] [%emt 00:00:45]} Rbb8 {[%clk 01:09:22]
[%emt 00:00:26]} 25. Rac1 {[%clk 00:22:39] [%emt 00:01:37]} Rd7 {[%clk 01:06:15]
[%emt 00:03:38]} 26. Ne3 {[%clk 00:20:44] [%emt 00:02:25]} Rbd8 {[%clk 01:04:18]
[%emt 00:02:27]} 27. Ng4 {[%clk 00:20:13] [%emt 00:01:01]} Qb8 {[%clk 01:03:07]
[%emt 00:01:42]} 28. Qc2 {[%clk 00:18:09] [%emt 00:02:33]} Kf8 {[%clk 00:57:44]
[%emt 00:05:54]} 29. Kf1 {[%clk 00:07:55] [%emt 00:10:43]} Kg8 {[%clk 00:57:54]
[%emt 00:00:21]} 30. Qe2 {[%clk 00:08:18] [%emt 00:00:06]} Bf8 {[%clk 00:57:31]
[%emt 00:00:54]} 31. Rd2 {[%clk 00:05:08] [%emt 00:03:39]} Be7 {[%clk 00:57:31]
[%emt 00:00:30]} 32. Rcd1 {[%clk 00:03:56] [%emt 00:01:41]} Qc7 {[%clk 00:57:34]
[%emt 00:00:29]} 33. Kg2 {[%clk 00:03:36] [%emt 00:00:50]} Bf8 {[%clk 00:57:00]
[%emt 00:01:05]} 34. Rc1 {[%clk 00:02:49] [%emt 00:01:16]} Qb8 {[%clk 00:57:13]
[%emt 00:00:17]} 35. Ne3 {[%clk 00:02:10] [%emt 00:01:09]} Na5 {[%clk 00:56:31]
[%emt 00:01:12]} 36. Re1 {[%clk 00:01:25] [%emt 00:01:14]} Be7 {[%clk 00:55:49]
[%emt 00:01:14]} 37. Rdd1 {[%clk 00:01:09] [%emt 00:00:45]} Nc6 {[%clk 00:56:04]
[%emt 00:00:15]} 38. Qc2 {[%clk 00:01:02] [%emt 00:00:36]} Bf8 {[%clk 00:56:08]
[%emt 00:00:28]} 39. Rd2 {[%clk 00:01:06] [%emt 00:00:26]} Be7 {[%clk 00:56:21]
[%emt 00:00:17]} 40. Red1 {[%clk 00:01:08] [%emt 00:00:27]} Bf8 {[%clk 00:56:04]
[%emt 00:00:47]} 41. Ng4 {[%clk 00:01:10] [%emt 00:00:27]} Be7 {[%clk 00:52:40]
[%emt 00:03:55]} 42. Qb3 {[%clk 00:01:02] [%emt 00:00:38]} Bf8 {[%clk 00:41:46]
[%emt 00:11:25]} 43. Qc4 {[%clk 00:00:52] [%emt 00:00:40]} b5 {[%clk 00:39:31]
[%emt 00:02:45]} 44. Qa2 {[%clk 00:00:40] [%emt 00:00:40]} Bd6 {[%clk 00:37:52]
[%emt 00:02:10]} 45. Ne3 {[%clk 00:43:46] [%emt 00:07:23]} Be7 {[%clk 01:26:17]
[%emt 00:02:06]} 46. Qb3 {[%clk 00:43:19] [%emt 00:00:57]} Qb7 {[%clk 01:15:39]
[%emt 00:11:09]} 47. Qc2 {[%clk 00:42:54] [%emt 00:00:55]} Bf8 {[%clk 01:15:27]
[%emt 00:00:43]} 48. Ra1 {[%clk 00:41:22] [%emt 00:02:01]} Be7 {[%clk 01:15:27]
[%emt 00:00:30]} 49. Rdd1 {[%clk 00:41:36] [%emt 00:00:15]} Bf8 {[%clk 01:15:19]
[%emt 00:00:40]} 50. Qe2 {[%clk 00:37:34] [%emt 00:04:31]} Be7 {[%clk 01:12:56]
[%emt 00:02:54]} 51. axb5 {[%clk 00:23:00] [%emt 00:15:03]} axb5 {[%clk
01:13:12] [%emt 00:00:14]} 52. Kg1 {[%clk 00:23:10] [%emt 00:00:20]} Qb6 {[%clk
01:08:50] [%emt 00:04:53]} 53. Ng4 {[%clk 00:20:05] [%emt 00:03:34]} Bd6 {[%clk
01:08:34] [%emt 00:00:46]} 54. Kg2 {[%clk 00:08:05] [%emt 00:12:30]} Ra7 {[%clk
01:04:10] [%emt 00:04:55]} 55. Rxa7 {[%clk 00:07:22] [%emt 00:01:13]} Qxa7
{[%clk 01:03:18] [%emt 00:01:23]} 56. Qc2 {[%clk 00:02:28] [%emt 00:05:23]} Ra8
{[%clk 01:02:41] [%emt 00:01:08]} 57. Ne3 {[%clk 00:00:55] [%emt 00:02:03]} Kf8
{[%clk 01:00:37] [%emt 00:02:35]} 58. Rb1 {[%clk 00:00:56] [%emt 00:00:28]} Qb7
{[%clk 01:00:14] [%emt 00:00:53]} 59. Qd1 {[%clk 00:00:48] [%emt 00:00:37]} Ra2
{[%clk 00:59:24] [%emt 00:01:21]} 60. Nc2 {[%clk 00:00:43] [%emt 00:00:34]} Ra6
{[%clk 00:58:12] [%emt 00:01:43]} 61. Ra1 {[%clk 00:00:38] [%emt 00:00:35]} Ke7
{[%clk 00:56:54] [%emt 00:01:49]} 62. Nd2 {[%clk 00:00:39] [%emt 00:00:29]} Rxa1
{[%clk 00:54:04] [%emt 00:03:20]} 63. Qxa1 {[%clk 00:01:06] [%emt 00:00:03]} Qa7
{[%clk 00:49:59] [%emt 00:04:36]} 64. Qb1 {[%clk 00:01:19] [%emt 00:00:15]} Qa4
{[%clk 00:48:31] [%emt 00:01:59]} 65. Ne3 {[%clk 00:08:48] [%emt 00:08:01]} Nb8
{[%clk 01:02:22] [%emt 00:01:39]} 66. Ndf1 {[%clk 00:06:51] [%emt 00:02:26]} Nd7
{[%clk 01:02:09] [%emt 00:00:45]} 67. Qe1 {[%clk 00:07:05] [%emt 00:00:15]} Qa2
{[%clk 01:00:01] [%emt 00:02:39]} 68. Qe2 {[%clk 00:06:20] [%emt 00:01:15]} Qb1
{[%clk 00:58:08] [%emt 00:02:24]} 69. Nd1 {[%clk 00:05:13] [%emt 00:01:35]} Nf6
{[%clk 00:55:02] [%emt 00:03:37]} 70. Nfe3 {[%clk 00:04:38] [%emt 00:01:05]} Bc7
{[%clk 00:55:09] [%emt 00:00:24]} 71. Nc2 {[%clk 00:02:48] [%emt 00:02:18]} Qa2
{[%clk 00:53:12] [%emt 00:02:27]} 72. Na3 {[%clk 00:02:18] [%emt 00:01:01]} Qb3
{[%clk 00:53:37] [%emt 00:00:06]} 73. Ne3 {[%clk 00:02:11] [%emt 00:00:36]} Bd6
{[%clk 00:51:38] [%emt 00:02:29]} 74. Nb1 {[%clk 00:01:31] [%emt 00:01:09]} Nd7
{[%clk 00:50:42] [%emt 00:01:27]} 75. Na3 {[%clk 00:00:41] [%emt 00:01:20]} Nf6
{[%clk 00:50:32] [%emt 00:00:39]} 76. Nb1 {[%clk 00:00:56] [%emt 00:00:15]} Kd8
{[%clk 00:50:33] [%emt 00:00:30]} 77. Na3 {[%clk 00:00:40] [%emt 00:00:46]} Kd7
{[%clk 00:50:36] [%emt 00:00:27]} 78. g4 {[%clk 00:00:35] [%emt 00:00:34]} Ne8
{[%clk 00:47:31] [%emt 00:03:36]} 79. Qc2 {[%clk 00:00:37] [%emt 00:00:28]} Qxc2
{[%clk 00:47:45] [%emt 00:00:15]} 80. Nexc2 {[%clk 00:01:02] [%emt 00:00:06]}
Kc6 {[%clk 00:47:43] [%emt 00:00:32]} 81. Nb1 {[%clk 00:00:56] [%emt 00:00:36]}
Be7 {[%clk 00:47:10] [%emt 00:01:03]} 82. b3 {[%clk 00:00:35] [%emt 00:00:51]}
Bg5 {[%clk 00:47:10] [%emt 00:00:30]} 83. c4 {[%clk 00:00:39] [%emt 00:00:26]}
b4 {[%clk 00:45:27] [%emt 00:02:13]} 84. Ne3 {[%clk 00:01:07]} Nd6 {[%clk
00:45:50] [%emt 00:00:10]} 85. Nd2 {[%clk 00:01:14]} Nb7 {[%clk 00:46:19] [%emt
00:00:23]} 86. Kf1 {[%clk 00:00:34]} Na5 {[%clk 00:46:48] [%emt 00:01:11]} 87.
Ke2 {[%clk 00:00:40]} Kd6 {[%clk 00:47:17] [%emt 00:00:25]} 88. Kd1 {[%clk
00:00:35]} Bh4 {[%clk 00:47:27] [%emt 00:00:56]} 89. Ke2 {[%clk 00:00:37]} Ke7
{[%clk 00:47:36] [%emt 00:00:48]} 90. Kf1 {[%clk 00:00:34]} Bg5 {[%clk 00:47:43]
[%emt 00:00:57]} 91. Ke2 {[%clk 00:00:33]} Kf6 {[%clk 00:48:07] [%emt 00:00:36]}
92. Kf3 {[%clk 00:00:33]} Nc6 {[%clk 00:48:32] [%emt 00:00:35]} 93. Kg3 {[%clk
00:00:33] [%emt 00:00:29]} Nd4 {[%clk 00:48:55] [%emt 00:00:07]} 94. Kg2 {[%clk
00:00:37]} Ne2 {[%clk 00:47:34] [%emt 00:02:17]} 95. Kf1 {[%clk 00:00:44]} Nc1
{[%clk 00:47:50] [%emt 00:00:37]} 96. Ke1 {[%clk 00:01:06]} g6 {[%clk 00:36:26]
[%emt 00:12:03]} 97. hxg6 {[%clk 00:01:26]} Kxg6 {[%clk 00:36:37] [%emt
00:00:29]} 98. Kd1 {[%emt 00:00:26]} Nxd3 {[%clk 00:37:05]} 99. Ke2 {[%clk
00:02:00]} Nc1+ {[%clk 00:37:28] [%emt 00:00:08]} 100. Kf3 {[%clk 00:02:00]
[%emt 00:00:30]} Bf4 {[%clk 00:35:12] [%emt 00:02:46]} 101. Kg2 {[%clk 00:02:23]
[%emt 00:00:07]} Ne2 {[%clk 00:34:28] [%emt 00:01:15]} 102. Kh3 {[%clk 00:02:05]
[%emt 00:00:47]} Nd4 {[%clk 00:33:57] [%emt 00:01:01]} 103. Kh4 {[%clk 00:02:35]
[%emt 00:00:01]} Kf6 {[%clk 00:30:40] [%emt 00:03:47]} 104. Kh5 {[%clk 00:02:54]
[%emt 00:00:10]} Bg5 {[%clk 00:30:59] [%emt 00:00:11]} 0-1

[Site "Europe Echecs"]